Книга за здравето (Запис номер 507938)
[ съкратено ]
| 000 -Лидер | |
|---|---|
| Контролно поле с фиксирана дължина | 01369nam a2200301 a 4500 |
| 003 - Код на организацията, давaща контролен номер | |
| Контролно поле | BLK |
| 005 - Дата и час на последна редакция | |
| Контролно поле | 20240404131414.0 |
| 008 - Елементи от данни с фиксирана дължина | |
| fixed length control field | 201214b bu |||||r|||| 00| | bu d |
| 020 ## - Международен стандартен номер на книга ISBN | |
| Международен стандартен номер на книга ISBN | 9786199180235 |
| 040 ## - Източник на каталожния запис | |
| Идентификатор на билиотеката - собственик на записа | BLK |
| 041 ## - Код за език | |
| Код за езика на текст/звукозапис или на отделно заглавие | Български |
| Код за езика КДБФ | Български |
| 080 ## - УДК | |
| Текстов определител УДК | Проблеми на окултното. Теории и системи на езотеричните дисциплини, които изясняват и интерпретират феномените и проблемите на окултното. Вж и 159.961; 291.3 |
| УДК код - определител по УДК | 133 |
| УДК - код + определител | 133 |
| 100 ## - Редна дума - Автор | |
| R(LIN) | 1299 |
| Автор | Хараш, Елеазар |
| Авторска отговорност | първи автор |
| Пълна форма на името | Йорданов, Петко |
| 139 ## - Редно поле | |
| Редна дума | Хараш, Елеазар |
| 245 ## - Сведения за заглавието | |
| Заглавие | Книга за здравето |
| Редно поле (дума) | Елеазар Хараш; състав. Авенир Халани |
| Том | Кн. 4 |
| Заглавие на том | Тайнството на здравето и болестите |
| 250 ## - Област на изданието | |
| Сведения за изданието | 2. прераб. и доп. изд. |
| 260 ## - Област на издателските данни | |
| 9 (RLIN) | 391418 |
| Място на издаване, разпространение и проч. | Варна |
| Име на издателя, разпространителя и проч. | Светът на книгите |
| Година на издаване | 2021 |
| 300 ## - Физическа характеристика | |
| Страници | 226 с. |
| Размери/Мащаб | 16 см |
| 380 ## - Жанр | |
| Жанр | Философия |
| 650 #7 - Допълнително описание по предмет – тема | |
| 9 (RLIN) | 164936 |
| Основно описание – тема или топоним | Окултизъм |
| 650 #7 - Допълнително описание по предмет – тема | |
| 9 (RLIN) | 147880 |
| Основно описание – тема или топоним | Афоризми |
| 650 #7 - Допълнително описание по предмет – тема | |
| 9 (RLIN) | 154400 |
| Основно описание – тема или топоним | Езотеризъм |
| 700 ## - Други автори (авторска отговорност) | |
| 9 (RLIN) | 491999 |
| Лично име | Халани, Авенир |
| 942 ## - АРТИКУЛИ | |
| Вид на библиотечния материал | Книги |
| Скрит в OPAC | Не |
| Периодичен библиозапис | Да |
| 944 ## - СЪЗДАВАНЕ И РЕДАКЦИЯ на ЗАПИСА | |
| Дата на регистрацията/редакция | Нора Радева |
| Служител, извършил регистрацията/редакцията | 30545 |
| Статус, дата на статуса | Нора Радева |
| Създаване/Редакция | |
| 999 ## - СИСТЕМНИ КОНТРОЛНИ НОМЕРА | |
| Koha biblionumber | 507938 |
| Koha biblioitemnumber | 507938 |
| 999 ## - СИСТЕМНИ КОНТРОЛНИ НОМЕРА | |
| Koha biblioitemnumber | 507933 |
| 999 ## - СИСТЕМНИ КОНТРОЛНИ НОМЕРА | |
| Koha biblioitemnumber | 507932 |
| Код за отписване | Код за изгубен артикул | Източник на класификационната схема | Код за повреда | Коз за рестрикции | Код за отдаване | Артикулен № | Име на библиотеката - собственик | Име на библиотеката, в която се намира в момента | Статус (Текущо местоположение) | Дата на вписване в системата | Местоположение - отдел | Цена в лева | Инвентарен номер | Систематично азбучна сигнатура | Баркод | Цена в евро | Служебен тип на артикула |
|---|---|---|---|---|---|---|---|---|---|---|---|---|---|---|---|---|---|
| Не е изгубен | Universal Decimal Classification | Не е повреден | само за читалня | ползва се в читалня | 941968 | Регионална библиотека "Любен Каравелов" Русе | Регионална библиотека "Любен Каравелов" Русе | Хранилище | 2024-04-05 | Основен фонд - ползва се само за читалня | 15.00 | 120000901078 | Цб І 42739 | 120000901078 | 7.67 | Книги | |
| Не е изгубен | Universal Decimal Classification | Не е повреден | заемане за дома | 941969 | Регионална библиотека "Любен Каравелов" Русе | Регионална библиотека "Любен Каравелов" Русе | Заемна - подръчен фонд | 2024-04-05 | Заемна - подръчен фонд | 15.00 | 120000900996 | 13/Х 26 Е | 120000900996 | 7.67 | Книги |